| 000 | 00377nam a2200121Ia 4500 | ||
|---|---|---|---|
| 008 | 230907s9999||||xx |||||||||||||| ||und|| | ||
| 082 |
_a339.460951 _bFOR |
||
| 245 | 2 | _aA foreign lens : how global partners view China's poverty alleviation efforts / | |
| 260 |
_aForeign Language Press, _bBeijing : _c2019 |
||
| 300 | _a167 p. | ||
| 650 |
_aChinese Studies _9116222 |
||
| 942 | _cBK | ||
| 999 |
_c601640 _d601640 |
||